[Event "2021 Sumer Server Series, S10525"]
[Site "CCLA"]
[Date "2021.08.21"]
[Round "?"]
[White "Rouse, LaMont"]
[Black "Smail, John"]
[Result "1/2-1/2"]
[WhiteElo "1613"]
[BlackElo "1786"]

1. b4 d5 2. Bb2 Qd6 3. a3 e5 4. e3 Nf6 5. Ne2 Be7 6. Ng3 Be6 7. Be2 Nbd7 
8. O-O h5 9. Bb5 c6 10. Ba4 h4 11. Ne2 Nb6 12. Bb3 g5 13. d3 g4 14. Nd2 
O-O-O 15. Qc1 Rdg8 16. c4 Nbd7 17. cxd5 Nxd5 18. Ne4 Qc7 19. Nc5 Nxc5 20. 
bxc5 Bg5 21. Bxd5 Bxd5 22. Nc3 Bf3 23. Ne4 Be7 24. Nd2 Be2 25. Re1 Bxd3 
26. Qc3 Rd8 27. Qxe5 Qxe5 28. Bxe5 Rh5 29. Bd4 Bxc5 30. Nb3 Bxd4 31. exd4 
Bc2 32. Nc5 b6 33. Ne4 Rhd5 34. Rac1 Rxd4 35. Rxc2 Rxe4 36. Rxc6+ Kb7 37. 
Rcc1 Rxe1+ 38. Rxe1 Ka6 39. f3 gxf3 40. gxf3 Rg8+ 41. Kf2 b5 42. Re4 h3 
43. Re7 Rg2+ 44. Kf1 Rg7 45. f4 Kb6 46. f5 a6 47. Re3 Ka5 48. Rxh3 Rg4 49.
 Rf3 f6 50. Kf2 Ka4 51. Ke1 a5 52. Kd1 b4 53. axb4 axb4 54. Rd3 Rf4 55. 
Rd5 Kb3 56. Kd2 Rf2+ 57. Kc1 Rxh2 1/2-1/2

[Event "2021 Sumer Server Series, S10525"]
[Site "CCLA"]
[Date "2021.08.21"]
[Round "?"]
[White "Rouse, LaMont"]
[Black "Catania, Duane"]
[Result "1-0"]
[WhiteElo "1613"]
[BlackElo "1610"]

1. b4 e5 2. Bb2 d6 3. c4 Nf6 4. e3 Nc6 5. b5 Ne7 6. Nf3 Ng6 7. Be2 Be7 8. 
d4 e4 9. Nfd2 d5 10. O-O O-O 11. a4 c6 12. Nc3 Be6 13. bxc6 bxc6 14. cxd5 
cxd5 15. Nb5 Rb8 16. Ba3 a6 17. Bxe7 Qxe7 18. Na3 Qd6 19. Nb3 Nd7 20. Nd2 
Rfc8 21. Nc2 Rb2 22. Na3 Qb4 23. Ndb1 Nb6 24. Bxa6 Rb8 25. Bb5 Nc4 26. 
Nxc4 dxc4 27. Qc1 Ne7 28. Nc3 f5 29. g3 Qb3 30. Rb1 Rxb1 31. Nxb1 h6 32. 
Qc3 Kh7 33. Qa5 Nd5 34. Nd2 Qc3 35. Qxc3 Nxc3 36. Bxc4 Bxc4 37. Nxc4 Rb4 
38. Nd6 Rxa4 39. Nxf5 g6 40. Nd6 Ra6 41. Nc4 Kg7 42. Kg2 Ra2 43. Rc1 Nd5 
44. Kf1 Kf6 45. Nd6 Nb4 46. Nxe4+ Ke6 47. Rd1 Kf5 48. Nc3 Rc2 49. Ne2 Kg4 
50. d5 Rb2 51. d6 Nc6 52. d7 Nd8 53. Nd4 Rb7 54. Nc2 Kh3 55. e4 h5 56. Ne3
Kxh2 57. Ke2 Rb6 58. Nc4 Rc6 59. Ne5 Re6 60. Rd5 Kg2 61. Ke3 g5 62. Nf3 g4
63. Nh4+ Kh2 64. Rxh5 Ra6 65. Rh8 1-0

[Event "2021 Sumer Server Series, S10525"]
[Site "CCLA"]
[Date "2021.08.21"]
[Round "?"]
[White "Rouse, LaMont"]
[Black "Greco, Tom"]
[Result "1-0"]
[WhiteElo "1613"]
[BlackElo "1776"]

1. b4 e5 2. Bb2 f6 3. a3 d5 4. e3 Be6 5. Nf3 Bd6 6. Be2 Ne7 7. d3 c6 8. 
O-O O-O 9. Nbd2 Nd7 10. c4 Ng6 11. cxd5 cxd5 12. Nb3 f5 13. Nc5 Nxc5 14. 
bxc5 Bc7 15. Qc2 Rc8 16. Qa4 Bb8 17. Rfc1 Rc6 18. d4 Ra6 19. Bxa6 bxa6 20.
 Nxe5 Bxe5 21. dxe5 Bc8 22. c6 f4 23. c7 Qg5 24. Qd4 Nh4 25. Qxd5+ Kh8 26.
 g3 fxg3 27. hxg3 Nf3+ 28. Kf1 Bh3+ 29. Ke2 Bg4 30. Kd3 Bf5+ 31. Kc3 Bc8 
32. Rd1 Qxe5+ 33. Qxe5 Nxe5 34. Rd8 Kg8 35. Rad1 1-0

[Event "2021 Sumer Server Series, S10525"]
[Site "CCLA"]
[Date "2021.08.21"]
[Round "?"]
[White "Smail, John"]
[Black "Rouse, LaMont"]
[Result "1-0"]
[WhiteElo "1786"]
[BlackElo "1613"]

1. d4 d5 2. Bg5 Nf6 3. Bxf6 exf6 4. e3 c6 5. c4 dxc4 6. Bxc4 Bb4+ 7. Nc3 
O-O 8. Ne2 Bf5 9. Ng3 Bg6 10. h4 h6 11. Qf3 Re8 12. O-O Bxc3 13. bxc3 Nd7 
14. h5 Bh7 15. Nf5 Nb6 16. Bb3 Nd5 17. Bxd5 Qxd5 18. Qxd5 cxd5 19. Nd6 Re7
20. c4 dxc4 21. Nxc4 Rc8 22. Nd2 Rc2 23. Nb3 b6 24. Rfc1 Rec7 25. Rxc2 
Rxc2 26. Rc1 Rxc1+ 27. Nxc1 Bf5 28. f3 Be6 29. a3 Bc4 30. Kf2 b5 31. e4 
Kf8 32. Ke3 Ke7 33. d5 Kd6 34. Kd4 Bf1 35. g4 g6 36. Nb3 Be2 37. Ke3 Bc4 
38. Nd4 a5 39. Nc2 Bb3 40. Nd4 Bc4 41. Nc6 a4 42. Nb4 Kc5 43. f4 f5 44. g5
hxg5 45. h6 gxf4+ 46. Kxf4 fxe4 47. h7 1-0

[Event "2021 Sumer Server Series, S10525"]
[Site "CCLA"]
[Date "2021.08.21"]
[Round "?"]
[White "Smail, John"]
[Black "Catania, Duane"]
[Result "1-0"]
[WhiteElo "1786"]
[BlackElo "1610"]

1. d4 e6 2. Nf3 d5 3. e3 Nf6 4. Bd3 Bd6 5. b3 O-O 6. Bb2 c5 7. O-O Nc6 8. 
Nbd2 Nb4 9. Be2 Bd7 10. a3 Nc6 11. Ne5 Qc7 12. f4 Rad8 13. Bd3 cxd4 14. 
exd4 Qb6 15. Nxc6 bxc6 16. Kh1 c5 17. dxc5 Bxc5 18. Bxf6 gxf6 19. Bxh7+ 
Kxh7 20. Qh5+ Kg7 21. Qg4+ 1-0

[Event "2021 Sumer Server Series, S10525"]
[Site "CCLA"]
[Date "2021.08.21"]
[Round "?"]
[White "Smail, John"]
[Black "Greco, Tom"]
[Result "0-1"]
[WhiteElo "1786"]
[BlackElo "1776"]

1. d4 Nf6 2. Bg5 e6 3. e4 h6 4. Bxf6 Qxf6 5. Nc3 Bb4 6. Qd2 d5 7. e5 Qd8 
8. f4 c5 9. a3 Ba5 10. dxc5 d4 11. b4 dxc3 12. Qxc3 Bc7 13. Rd1 Bd7 14. f5
Qh4+ 0-1

[Event "2021 Sumer Server Series, S10525"]
[Site "CCLA"]
[Date "2021.08.21"]
[Round "?"]
[White "Catania, Duane"]
[Black "Rouse, LaMont"]
[Result "1-0"]
[WhiteElo "1610"]
[BlackElo "1613"]

1. e4 d5 2. exd5 Qxd5 3. Nc3 Qd8 4. d4 Nf6 5. Nf3 e6 6. Bd3 Be7 7. O-O c6 
8. Re1 O-O 9. Bf4 Nd5 10. Bg3 Nxc3 11. bxc3 Nd7 12. Qe2 Nf6 13. Ne5 Nd5 
14. Qd2 Nf6 15. a4 h6 16. Reb1 Bd6 17. a5 Bxe5 18. Bxe5 Nd7 19. Bg3 Nf6 
20. h3 Nd5 21. c4 Nf6 22. c3 Qd7 23. Bc2 c5 24. Be5 cxd4 25. cxd4 Ne8 26. 
Qd3 f5 27. Qg3 Nf6 28. Ba4 Qf7 29. f3 b6 30. axb6 axb6 31. Bc6 Rxa1 32. 
Rxa1 Nh5 33. Qf2 f4 34. d5 Qf5 35. Bc7 Ng3 36. Bxb6 Qe5 37. Re1 Qc3 38. 
dxe6 Qxc4 39. e7 Qxc6 40. exf8=Q+ Kxf8 41. Qc5+ Qxc5+ 42. Bxc5+ Kf7 43. 
Re7+ Kf6 44. Rc7 Bf5 45. Bd4+ Ke6 46. Bxg7 h5 47. Kf2 Kd6 48. Rc4 h4 49. 
Rxf4 Nh5 50. Rxf5 Nxg7 51. Rf4 Ne6 52. Rxh4 Kd5 53. Re4 Ng5 54. Rg4 Ne6 
55. h4 Nf8 56. h5 Nh7 57. h6 Ke5 58. Rg7 Nf6 59. h7 1-0

[Event "2021 Sumer Server Series, S10525"]
[Site "CCLA"]
[Date "2021.08.21"]
[Round "?"]
[White "Catania, Duane"]
[Black "Smail, John"]
[Result "0-1"]
[WhiteElo "1610"]
[BlackElo "1786"]

1. e4 g6 2. d4 Bg7 3. Be3 d6 4. Nf3 a6 5. Be2 Nd7 6. O-O Ngf6 7. Nbd2 Ng4 
8. h3 Nxe3 9. fxe3 O-O 10. c4 c6 11. Qe1 e5 12. Rb1 a5 13. Qg3 Qb6 14. Qf2
h6 15. Kh1 Qd8 16. Bd3 Qe7 17. a3 Rb8 18. b4 b6 19. bxa5 bxa5 20. Rxb8 
Nxb8 21. Rb1 Qa7 22. Nf1 Ba6 23. dxe5 dxe5 24. Qe2 Nd7 25. Qc2 Nc5 26. Be2
Bc8 27. Rd1 Qe7 28. N1d2 f5 29. exf5 Bxf5 30. e4 Bc8 31. Nb3 Ne6 32. Nxa5 
Qc5 33. Nb3 Qf2 34. Rf1 Qg3 35. Bd1 Nf4 36. Qf2 Nh5 37. Nbd2 Bf6 38. Nh2 
Be7 39. Ndf3 Qxf2 40. Rxf2 Ng3+ 41. Kg1 Bc5 42. Ng4 Bxg4 43. hxg4 Nxe4 0-1

[Event "2021 Sumer Server Series, S10525"]
[Site "CCLA"]
[Date "2021.08.21"]
[Round "?"]
[White "Catania, Duane"]
[Black "Greco, Tom"]
[Result "0-1"]
[WhiteElo "1610"]
[BlackElo "1776"]

1. e4 e5 2. Nf3 Nc6 3. Bc4 Bc5 4. b4 Bb6 5. a4 a6 6. Nc3 Nf6 7. Nd5 Nxd5 
8. exd5 Nd4 9. Nxe5 d6 10. c3 dxe5 11. cxd4 Bxd4 12. Ra3 O-O 13. O-O Qd6 
14. Rb3 b5 15. axb5 axb5 16. Be2 Bb7 17. Rg3 Qxb4 18. Qc2 Qc5 19. Qf5 Ra1 
20. Bd3 g6 21. h4 Bc8 22. Qe4 Rxc1 23. Rxc1 Qxc1+ 24. Kh2 Bxf2 0-1

[Event "2021 Sumer Server Series, S10525"]
[Site "CCLA"]
[Date "2021.08.21"]
[Round "?"]
[White "Greco, Tom"]
[Black "Rouse, LaMont"]
[Result "1-0"]
[WhiteElo "1776"]
[BlackElo "1613"]

1. d4 d5 2. c4 c6 3. Nf3 Nf6 4. Nc3 e6 5. e3 Be7 6. Bd3 dxc4 7. Bxc4 Nd5 
8. O-O Nxc3 9. bxc3 O-O 10. e4 Nd7 11. Bb3 Nb6 12. Bf4 a5 13. a4 h6 14. 
Qd3 Bf6 15. Rfd1 Re8 16. e5 Be7 17. Bc2 g6 18. Bxh6 Bf8 19. Qd2 Bg7 20. 
Bg5 Qc7 21. h4 Bf8 22. Bf6 Nd5 23. g3 Nxf6 24. exf6 b5 25. h5 bxa4 26. 
hxg6 fxg6 27. Bxg6 Rd8 28. f7+ Kg7 29. Ne5 Qxe5 30. Qd3 Qf6 31. Bh5 Ba6 
32. Qe4 Rd5 33. g4 Rad8 34. Rxa4 Rb8 35. f4 Rb2 36. Re1 Rxh5 37. gxh5 Kxf7
38. Rxa5 Bc4 39. Ra7+ Ke8 40. Qxc6+ Kd8 41. Qd7# 1-0

[Event "2021 Sumer Server Series, S10525"]
[Site "CCLA"]
[Date "2021.08.21"]
[Round "?"]
[White "Greco, Tom"]
[Black "Smail, John"]
[Result "1-0"]
[WhiteElo "1776"]
[BlackElo "1786"]

1. d4 e6 2. c4 f5 3. g3 Nf6 4. Bg2 Be7 5. Nc3 d6 6. Nf3 O-O 7. O-O Ne4 8. 
Nxe4 fxe4 9. Nd2 d5 10. f3 e3 11. Nb1 dxc4 12. Bxe3 Bf6 13. Na3 c5 14. 
dxc5 c3 15. bxc3 Bxc3 16. Qxd8 Rxd8 17. Rad1 1-0

[Event "2021 Sumer Server Series, S10525"]
[Site "CCLA"]
[Date "2021.08.21"]
[Round "?"]
[White "Greco, Tom"]
[Black "Catania, Duane"]
[Result "1/2-1/2"]
[WhiteElo "1776"]
[BlackElo "1610"]

1. d4 e6 2. c4 b6 3. e4 Bb4+ 4. Bd2 Bxd2+ 5. Qxd2 Bb7 6. Bd3 f5 7. Nc3 Nf6
8. f3 fxe4 9. fxe4 O-O 10. Nf3 d6 11. Ng5 Qe8 12. h3 h6 13. e5 Nh5 14. 
Nge4 dxe5 15. dxe5 Nc6 16. Nb5 Rc8 17. Qc3 a6 18. Na3 Nf4 19. O-O-O Nxd3+ 
20. Rxd3 Qg6 21. Nf6+ gxf6 22. Rg3 Nxe5 23. Rxg6+ Nxg6 24. Qg3 Kf7 25. Rd1
Ne5 26. Rf1 Ke7 27. Qh2 Rg8 28. g4 c5 29. Qe2 Rcd8 30. Nc2 Rd6 31. Ne3 
Rgd8 32. b3 Be4 33. Qh2 Nd3+ 34. Kd2 Nb4+ 35. Ke1 Nd3+ 36. Kd2 Ne5+ 37. 
Kc1 R8d7 38. Rd1 Nd3+ 39. Rxd3 Rxd3 40. Qf4 f5 41. Qxh6 Rc3+ 42. Kb2 Rdd3 
43. Qg7+ Ke8 44. Qxc3 Rxc3 45. Kxc3 f4 46. Nd1 Ke7 47. Nf2 Bf3 48. Nd3 e5 
49. Nxe5 Be4 50. Nd3 f3 51. Nf2 Bb1 52. a3 Bg6 53. Kd2 Be8 54. Ke3 Bc6 55.
 h4 Kf6 56. Kf4 b5 57. cxb5 axb5 58. h5 c4 59. bxc4 bxc4 60. g5+ Kg7 61. 
Ke3 Be8 62. h6+ Kg6 63. Kxf3 c3 64. Ke3 c2 65. Kd2 Bd7 66. Kxc2 Kxg5 67. 
Ng4 Bxg4 1/2-1/2

[Event "USA/S10526 (USA)"]
[Site "CCLA"]
[Date "2021.08.21"]
[Round "?"]
[White "McLaughlin, Ed"]
[Black "Thomas, Gerald K."]
[Result "1-0"]
[WhiteElo "1553"]
[BlackElo "1585"]

1. d4 g6 2. Nf3 d6 3. Bg5 Bg7 4. c3 h6 5. Bf4 Bf5 6. Nbd2 Nf6 7. Qb3 Qc8 
8. h3 g5 9. Bh2 Be6 10. Qc2 Bf5 11. e4 Bg6 12. Bd3 Nbd7 13. O-O a6 14. 
Rae1 e5 15. dxe5 Nxe5 16. Nxe5 dxe5 17. Bxe5 O-O 18. f4 gxf4 19. Rxf4 Nh5 
20. Bxg7 {black forfeits} 1-0

[Event "USA/S10526 (USA)"]
[Site "CCLA"]
[Date "2021.08.21"]
[Round "?"]
[White "McLaughlin, Ed"]
[Black "Ward, Christopher"]
[Result "0-1"]
[WhiteElo "1553"]
[BlackElo "1556"]

1. d4 g6 2. Nf3 Bg7 3. c3 d6 4. Bg5 h6 5. Bh4 Nf6 6. Nbd2 g5 7. Bg3 Nh5 8.
 Qc2 Nd7 9. Ne4 b6 10. e3 Bb7 11. Bc4 d5 0-1

[Event "USA/S10526 (USA)"]
[Site "CCLA"]
[Date "2021.08.21"]
[Round "?"]
[White "McLaughlin, Ed"]
[Black "Ishler, Mark P."]
[Result "0-1"]
[WhiteElo "1553"]
[BlackElo "1647"]

1. d4 Nf6 2. Nf3 e6 3. e3 c5 4. c3 d5 5. Bd3 cxd4 6. exd4 Bd6 7. O-O O-O 
8. Bg5 Nbd7 9. Re1 Qc7 10. Nbd2 Re8 11. Rc1 Ng4 12. g3 f6 13. Be3 Nxe3 14.
 Rxe3 e5 15. Qb3 Nb6 16. Rce1 e4 17. Bxe4 Kh8 18. Bxd5 Bd7 19. Bf7 Rf8 20.
 Be6 Ba4 0-1

[Event "USA/S10526 (USA)"]
[Site "CCLA"]
[Date "2021.08.21"]
[Round "?"]
[White "Thomas, Gerald K."]
[Black "McLaughlin, Ed"]
[Result "0-1"]
[WhiteElo "1585"]
[BlackElo "1553"]

1. c4 c5 2. Nc3 Nc6 3. g3 Nf6 4. Bg2 g6 5. b3 Bg7 6. Bb2 O-O 7. e3 d6 8. 
Nge2 Bg4 9. h3 Nb4 10. d3 Bf5 11. e4 Bd7 12. a3 Nc6 13. Nf4 Nd4 14. Nfd5 
e6 15. Nxf6+ Bxf6 16. Ne2 Nxe2 17. Qxe2 b5 18. e5 Bg7 19. Bxa8 Qxa8 
{white forfeits} 0-1

[Event "USA/S10526 (USA)"]
[Site "CCLA"]
[Date "2021.08.21"]
[Round "?"]
[White "Thomas, Gerald K."]
[Black "Ward, Christopher"]
[Result "0-1"]
[WhiteElo "1585"]
[BlackElo "1556"]

1. d4 g6 2. c4 Bg7 3. Nc3 c5 4. d5 f5 5. Bd2 Nf6 6. f3 O-O 7. Qc2 d6 8. e4
Na6 9. a3 Nc7 10. Bd3 fxe4 11. Nxe4 e6 12. Bg5 exd5 13. Nxf6+ Bxf6 14. 
Bxg6 Qe7+ 15. Kd1 Bxg5 16. h4 Bh6 17. h5 dxc4 18. Qxc4+ Be6 19. Qe4 Qg5 
20. Bxh7+ Kh8 21. Qc2 Bb3 0-1

[Event "USA/S10526 (USA)"]
[Site "CCLA"]
[Date "2021.08.21"]
[Round "?"]
[White "Ward, Christopher"]
[Black "McLaughlin, Ed"]
[Result "0-1"]
[WhiteElo "1556"]
[BlackElo "1553"]

1. e4 c5 2. Nc3 a6 3. g3 b5 4. Bg2 Bb7 5. d3 e5 6. Nf3 Nc6 7. Nd5 Nge7 8. 
Be3 d6 9. c4 Nxd5 10. cxd5 Ne7 11. a4 b4 12. a5 Bc8 13. Nd2 Bd7 14. Nc4 
Bb5 15. O-O Ng6 16. f4 exf4 17. gxf4 Ra7 18. e5 Nh4 19. Bh3 Ng6 20. Qg4 
Bd7 21. exd6 Bxg4 0-1

[Event "USA/S10526 (USA)"]
[Site "CCLA"]
[Date "2021.08.21"]
[Round "?"]
[White "Ward, Christopher"]
[Black "Thomas, Gerald K."]
[Result "1-0"]
[WhiteElo "1556"]
[BlackElo "1585"]

1. e4 c5 2. Nf3 d6 3. d4 cxd4 4. Nxd4 Nf6 5. Nc3 a6 6. Bg5 Bg4 7. Be2 Bxe2
8. Qxe2 Nbd7 9. O-O-O h6 10. Bxf6 Nxf6 11. f4 e5 12. fxe5 dxe5 13. Nf5 Qc7
14. Kb1 Qb6 15. Rhf1 Ba3 16. Na4 Qb4 17. Nxg7+ Kf8 18. Qf3 Kxg7 19. Qxf6+ 
Kg8 20. Qxf7# 1-0

[Event "USA/S10526 (USA)"]
[Site "CCLA"]
[Date "2021.08.21"]
[Round "?"]
[White "Ward, Christopher"]
[Black "Ishler, Mark P."]
[Result "0-1"]
[WhiteElo "1556"]
[BlackElo "1647"]

1. d4 Nf6 2. c4 e6 3. Nf3 Bb4+ 4. Bd2 Bxd2+ 5. Qxd2 O-O 6. g3 d5 7. Bg2 
Nbd7 8. O-O c5 9. cxd5 exd5 10. Nc3 c4 11. Ne5 Nb6 12. b3 Bf5 13. bxc4 
dxc4 14. Bxb7 Rb8 15. Bg2 Rc8 16. Nc6 Qd7 17. Ne5 Qe6 18. Rae1 Rfd8 19. e4
Bh3 20. Nd5 Bxg2 0-1

[Event "USA/S10526 (USA)"]
[Site "CCLA"]
[Date "2021.08.21"]
[Round "?"]
[White "Ishler, Mark P."]
[Black "McLaughlin, Ed"]
[Result "1/2-1/2"]
[WhiteElo "1647"]
[BlackElo "1553"]

1. e4 c5 2. Nf3 a6 3. d4 cxd4 4. Nxd4 Nf6 5. Nc3 e5 6. Nf3 Bb4 7. Bd2 d6 
8. Nd5 Bxd2+ 9. Nxd2 Nbd7 10. Nxf6+ Qxf6 11. Bc4 O-O 12. O-O Nc5 13. b4 
Na4 14. Bb3 Nc3 15. Qe1 Bg4 16. f3 Bd7 17. a4 b5 18. a5 Rac8 19. Qe3 Qg6 
20. Kh1 Be6 21. Bxe6 Qxe6 22. Qb6 d5 23. exd5 Qxd5 24. Nb3 Rc6 25. Qe3 Rd8
26. Nc5 Qd4 27. Qxd4 Rxd4 28. Ra3 Nd5 29. c3 Rd2 30. Rc1 Nf4 31. g3 Nd3 
32. Nxd3 Rxd3 33. Kg2 f5 34. Rc2 Rc4 35. Kf2 Kf7 36. Re2 Kf6 37. Re3 Rd2+ 
1/2-1/2

[Event "USA/S10526 (USA)"]
[Site "CCLA"]
[Date "2021.08.21"]
[Round "?"]
[White "Ishler, Mark P."]
[Black "Thomas, Gerald K."]
[Result "1-0"]
[WhiteElo "1647"]
[BlackElo "1585"]

1. e4 c6 2. d4 d5 3. Nc3 Nf6 4. f3 e6 5. Bg5 Be7 6. e5 Ng8 7. Bxe7 Nxe7 8.
 Bd3 Nd7 9. Nge2 f5 10. Nf4 Nb6 11. Qe2 a6 12. g4 1-0

[Event "USA/S10526 (USA)"]
[Site "CCLA"]
[Date "2021.08.21"]
[Round "?"]
[White "Ishler, Mark P."]
[Black "Ward, Christopher"]
[Result "1-0"]
[WhiteElo "1647"]
[BlackElo "1556"]

1. e4 e5 2. Nf3 Nc6 3. Bb5 a6 4. Ba4 Nf6 5. O-O Be7 6. Re1 b5 7. Bb3 d6 8.
 c3 O-O 9. d4 Bg4 10. Be3 exd4 11. cxd4 Na5 12. Bc2 Nc4 13. Bf4 Nxb2 14. 
Qe2 Nh5 15. Bc1 Nc4 16. h3 Be6 17. e5 g5 18. Nxg5 Bxg5 19. Qxh5 1-0

[Event "Summer Server Series, S10527"]
[Site "CCLA"]
[Date "2021.08.21"]
[Round "?"]
[White "Schoenwald, Ira"]
[Black "Anderson II, Dale"]
[Result "1-0"]
[WhiteElo "1739"]
[BlackElo "1523"]

1. d4 Nf6 2. Nc3 d5 3. Bf4 c5 4. e3 cxd4 5. exd4 a6 6. Nf3 Bg4 7. Be2 Nc6 
8. Ne5 Bxe2 9. Nxe2 e6 10. c3 Be7 11. O-O Nxe5 12. Bxe5 O-O 13. Nf4 g6 14.
 Qd2 Re8 15. Nd3 b6 16. f3 Bf8 17. Bf4 Nd7 18. Rae1 f6 19. Bh6 Bg7 20. Re2
a5 21. Rfe1 Nf8 22. Bxg7 Kxg7 23. Nf4 Qd6 24. Nd3 Ra7 25. Qf4 Rd7 26. Qg4 
Rde7 27. h4 h5 28. Qh3 e5 29. Qg3 Nd7 30. a4 Kf7 31. dxe5 fxe5 32. Qg5 Re6
33. f4 e4 34. f5 R6e7 35. Nf4 Nf8 36. Rf1 Re5 37. fxg6+ Kg8 38. Qh6 Rf5 
39. Nxh5 Rxf1+ 40. Kxf1 Qxg6 41. Nf6+ 1-0

[Event "Summer Server Series, S10527"]
[Site "CCLA"]
[Date "2021.08.21"]
[Round "?"]
[White "Schoenwald, Ira"]
[Black "Smiley, William R."]
[Result "1-0"]
[WhiteElo "1739"]
[BlackElo "1582"]

1. d4 Nf6 2. Nc3 g6 3. Bf4 d6 4. e4 Nbd7 5. Nf3 Nb6 6. Qd2 Bg7 7. Be2 O-O 
8. h4 Bg4 9. O-O-O Qd7 10. Bh6 Kh8 11. Bxg7+ Kxg7 12. h5 Rh8 13. hxg6 hxg6
14. Nh4 Bxe2 15. Nf5+ Qxf5 16. exf5 Bxd1 17. Rxd1 Rh6 18. Qe2 Re8 19. g4 
Nfd7 20. f6+ Kf8 21. Re1 e6 22. f4 d5 23. Nb5 1-0

[Event "Summer Server Series, S10527"]
[Site "CCLA"]
[Date "2021.08.21"]
[Round "?"]
[White "Schoenwald, Ira"]
[Black "Nurmi, Ronald"]
[Result "1-0"]
[WhiteElo "1739"]
[BlackElo "1424"]

1. d4 d5 2. Nc3 Nf6 3. Bf4 c5 4. e3 cxd4 5. exd4 a6 6. Nf3 Nc6 7. Ne5 Bd7 
8. Be2 e6 9. O-O Be7 10. Qd3 O-O 11. a3 Nxe5 12. dxe5 Ne8 13. Be3 Nc7 14. 
Bb6 Qc8 15. a4 Ne8 16. a5 g6 17. Qh3 Ng7 18. Rfe1 Bc5 19. Na4 Bb4 20. c3 
Be7 21. Bd1 Bd8 22. b4 Bb5 23. Rc1 Bxa4 24. Bxa4 Bxb6 25. axb6 Qc4 26. Bd1
Qc6 27. Qe3 Nf5 28. Qg5 Qxb6 29. g4 Ng7 30. Re3 Rac8 31. Rh3 f5 32. Qh6 
Kf7 33. gxf5 exf5 34. Bb3 Rcd8 35. Qd2 Qb5 36. Rxh7 Rfe8 37. Re1 Qc6 38. 
Qd4 1-0

[Event "Summer Server Series, S10527"]
[Site "CCLA"]
[Date "2021.08.21"]
[Round "?"]
[White "Anderson II, Dale"]
[Black "Schoenwald, Ira"]
[Result "0-1"]
[WhiteElo "1523"]
[BlackElo "1739"]

1. e4 d6 2. d4 Nf6 3. Nc3 c6 4. f4 Qa5 5. Bd3 e5 6. Nf3 Bg4 7. Be3 Nbd7 8.
 O-O Be7 9. h3 Bxf3 10. Qxf3 O-O 11. Ne2 exd4 12. Nxd4 Rfe8 13. g4 Nc5 14.
 Nb3 Nxb3 15. axb3 Qc7 16. g5 Nd7 17. Qh5 Nf8 18. e5 g6 19. Qh6 Ne6 20. f5
Bf8 21. Qh4 Ng7 22. fxg6 hxg6 23. Rf6 Ne6 24. Raf1 Re7 25. Bxg6 fxg6 26. 
Rxg6+ Bg7 27. Rff6 Qd7 28. Qg4 Rae8 29. exd6 Qxd6 30. h4 Qe5 31. Bf2 Nf8 
32. Rh6 Qe4 33. Qh5 Bxh6 34. Rxh6 Rh7 35. Rxh7 Nxh7 0-1

[Event "Summer Server Series, S10527"]
[Site "CCLA"]
[Date "2021.08.21"]
[Round "?"]
[White "Anderson II, Dale"]
[Black "Smiley, William R."]
[Result "1/2-1/2"]
[WhiteElo "1523"]
[BlackElo "1582"]

1. e4 e5 2. Nf3 Nc6 3. Bb5 a6 4. Ba4 b5 5. Bb3 Nf6 6. O-O Be7 7. Re1 O-O 
8. c3 d5 9. exd5 Nxd5 10. Nxe5 Nxe5 11. Rxe5 Nf6 12. d4 Bd6 13. Re1 Bf5 
14. Bg5 h6 15. Bxf6 Qxf6 16. Qf3 Qg6 17. Nd2 Rab8 18. h3 Bc8 19. Rac1 Bb7 
20. Bd5 Bxd5 21. Qxd5 Rfd8 22. Qf3 f5 23. Nb3 Rf8 24. Nc5 Bxc5 25. dxc5 c6
26. b4 Rbd8 27. Rcd1 Rxd1 28. Qxd1 Re8 29. Rxe8+ Qxe8 30. Kf1 Qe6 31. Qe2 
Qf6 32. Qc2 Kf8 33. a4 bxa4 34. Qxa4 Qxc3 35. Qxa6 Qc1+ 36. Ke2 Qc2+ 37. 
Ke1 Qc1+ 1/2-1/2

[Event "Summer Server Series, S10527"]
[Site "CCLA"]
[Date "2021.08.21"]
[Round "?"]
[White "Anderson II, Dale"]
[Black "Nurmi, Ronald"]
[Result "1-0"]
[WhiteElo "1523"]
[BlackElo "1424"]

1. e4 c6 2. d4 d5 3. exd5 cxd5 4. c4 Nf6 5. Nc3 Nc6 6. Nf3 Bg4 7. cxd5 
Nxd5 8. Qb3 Bxf3 9. gxf3 e6 10. Qxb7 Nxd4 11. Bb5+ Nxb5 12. Qc6+ Ke7 13. 
Qxb5 Qd7 14. Nxd5+ Qxd5 15. Bg5+ f6 16. Qxd5 exd5 17. Be3 Ke6 18. O-O-O 
Rc8+ 19. Kb1 a6 20. Rhe1 Rd8 21. Bb6+ 1-0

[Event "Summer Server Series, S10527"]
[Site "CCLA"]
[Date "2021.08.21"]
[Round "?"]
[White "Smiley, William R."]
[Black "Schoenwald, Ira"]
[Result "0-1"]
[WhiteElo "1582"]
[BlackElo "1739"]

1. e4 d6 2. d4 Nf6 3. Nc3 c6 4. f4 Qa5 5. Qd3 b5 6. Bd2 b4 7. Nce2 Ba6 8. 
Qf3 e5 9. dxe5 dxe5 10. f5 Nbd7 11. c3 Rd8 12. Nc1 Bxf1 13. Kxf1 Nc5 14. 
Be1 Ncxe4 15. Nb3 Qb5+ 16. Ne2 Rd3 0-1

[Event "Summer Server Series, S10527"]
[Site "CCLA"]
[Date "2021.08.21"]
[Round "?"]
[White "Smiley, William R."]
[Black "Anderson II, Dale"]
[Result "0-1"]
[WhiteElo "1582"]
[BlackElo "1523"]

1. e4 c6 2. d4 d5 3. exd5 cxd5 4. c4 Nf6 5. Nc3 e6 6. Nf3 Be7 7. c5 O-O 8.
 Bf4 b6 9. b4 a5 10. a3 Ne4 11. Nxe4 dxe4 12. Ne5 axb4 13. axb4 Rxa1 14. 
Qxa1 f6 15. Ng6 hxg6 16. Bxb8 bxc5 17. dxc5 Bb7 18. Bf4 Qd5 19. Qc3 Rd8 
20. Be2 Ba6 21. Qd2 Qb3 22. Qc1 Bxe2 23. Kxe2 Qxb4 24. Bd6 Qb5+ 25. Ke3 
Qd3+ 26. Kf4 Rxd6 0-1

[Event "Summer Server Series, S10527"]
[Site "CCLA"]
[Date "2021.08.21"]
[Round "?"]
[White "Smiley, William R."]
[Black "Nurmi, Ronald"]
[Result "1/2-1/2"]
[WhiteElo "1582"]
[BlackElo "1424"]

1. e4 c6 2. d4 d5 3. exd5 cxd5 4. Bd3 Nc6 5. c3 Nf6 6. Bf4 Bg4 7. f3 Bh5 
8. Ne2 e6 9. O-O Bg6 10. Bc2 Be7 11. Nd2 Bxc2 12. Qxc2 O-O 13. Rae1 Rc8 
14. Nb3 b6 15. Nec1 Bd6 16. Bxd6 Qxd6 17. Qf2 Qc7 18. Nd3 a5 19. Ne5 a4 
20. Nd2 b5 21. Nxc6 Qxc6 22. a3 1/2-1/2

[Event "Summer Server Series, S10527"]
[Site "CCLA"]
[Date "2021.08.21"]
[Round "?"]
[White "Nurmi, Ronald"]
[Black "Schoenwald, Ira"]
[Result "0-1"]
[WhiteElo "1424"]
[BlackElo "1739"]

1. d4 d6 2. e4 Nf6 3. Nc3 c6 4. f4 Qa5 5. Bd3 e5 6. Nf3 Bg4 7. Be3 Nbd7 8.
 O-O Be7 9. h3 Bxf3 10. Qxf3 O-O 11. Ne2 c5 12. dxc5 Nxc5 13. Nc3 Nxd3 14.
 cxd3 Rac8 15. Rfc1 Bd8 16. Qf2 Qa6 17. Qd2 Nh5 18. g4 Nxf4 19. Bxf4 exf4 
20. Qxf4 Qxd3 21. Rd1 Qxh3 22. Rd2 Bb6+ 0-1

[Event "Summer Server Series, S10527"]
[Site "CCLA"]
[Date "2021.08.21"]
[Round "?"]
[White "Nurmi, Ronald"]
[Black "Anderson II, Dale"]
[Result "1-0"]
[WhiteElo "1424"]
[BlackElo "1523"]

1. d4 d5 2. Bf4 c5 3. e3 cxd4 4. exd4 Nc6 5. c3 Bf5 6. Nf3 e6 7. Bb5 Nf6 
8. Ne5 Qb6 9. Qb3 Bd6 10. h3 O-O 11. Nd2 Bxe5 12. dxe5 Ne4 13. Nxe4 dxe4 
14. a4 Rac8 15. Bc4 Qxb3 16. Bxb3 Na5 17. Bc2 Rc4 18. Bd1 a6 19. O-O Rc7 
20. Re1 Rd7 21. b4 Nc4 22. Be2 Nd2 23. Ra2 Rfd8 24. Bxd2 Rxd2 25. Rxd2 
Rxd2 26. Bc4 h5 27. Re3 Kf8 28. h4 Ke7 29. a5 Rd1+ 30. Kh2 Rd2 31. Kg3 Kd7
32. Bb3 Kc6 33. Ba4+ Kd5 34. Be8 Bg6 35. f4 Kc4 36. f5 exf5 37. e6 f4+ 38.
 Kxf4 Rf2+ 39. Kg3 Rf6 40. Bxf7 Bxf7 41. exf7 Rxf7 42. Rxe4+ Kxc3 43. Kh3 
g6 44. g4 hxg4+ 45. Kxg4 Rd7 46. Kg5 Rd6 47. Rf4 Re6 48. Rg4 b6 49. axb6 
Rxb6 50. Rf4 Rxb4 51. Rxb4 1-0

[Event "Summer Server Series, S10527"]
[Site "CCLA"]
[Date "2021.08.21"]
[Round "?"]
[White "Nurmi, Ronald"]
[Black "Smiley, William R."]
[Result "1/2-1/2"]
[WhiteElo "1424"]
[BlackElo "1582"]

1. d4 Nf6 2. c4 g6 3. Nc3 Bg7 4. e4 d6 5. Nf3 O-O 6. Be2 Bg4 7. Be3 Nbd7 
8. O-O Bxf3 9. Bxf3 c6 10. Be2 Re8 11. Rc1 e5 12. d5 c5 13. Qd2 a6 14. b3 
Nf8 15. Bh6 Rb8 16. f3 Kh8 17. Bxg7+ Kxg7 1/2-1/2